10 Capitales aléatoire selon l'alphabet - Classement à l'aveugle - Statistiques

Statistiques générales
  • Ce quiz a été pris 909 fois
  • Le résultat moyen est 5 sur 10
Réponses sur la Carte
Les réponses sont colorées sur une échelle allant du rouge au vert en fonction du pourcentage des utilisateurs qui les ont devinées à leur premier essai. Vous pouvez retrouver ces pourcentages ci-dessous.
 
Statistiques - réponses
Capitales % Correct
Chișinău
100%
Kingstown
100%
Bratislava
89%
Conakry
89%
Katmandou
88%
Antananarivo
80%
Basseterre
80%
Ngerulmud
80%
La Paz
78%
Manille
78%
Paris
78%
Saint-Marin
78%
Santiago
78%
Astana
75%
Bamako
75%
Bangkok
75%
Douchanbé
75%
Hanoï
75%
Islamabad
75%
Koweït
75%
Lisbonne
75%
Luxembourg
75%
Riyad
75%
Téhéran
75%
Washington D.C
75%
Belgrade
73%
Ciudad de la Paz
73%
Maseru
73%
Castries
71%
Gitega
71%
Bridgetown
70%
Canberra
70%
Alger
67%
Bakou
67%
Bucarest
67%
Dacca
67%
Guatemala
67%
Harare
67%
Jakarta
67%
La Havane
67%
La Valette
67%
Lilongwe
67%
Luanda
67%
Madrid
67%
Majuro
67%
Managua
67%
Manama
67%
Mbabane
67%
Minsk
67%
Palikir
67%
Paramaribo
67%
Saint-Domingue
67%
San José
67%
Séoul
67%
Windhoek
67%
Bandar Seri Begawan
63%
Bangui
63%
Mascate
63%
Banjul
60%
Dakar
60%
Dili
60%
Gaborone
60%
Georgetown
60%
Moscou
60%
Nassau
60%
Oulan-Bator
60%
Port Moresby
60%
Porto-Novo
60%
Sao Tomé
60%
Stockholm
60%
Tachkent
60%
Vilnius
60%
Yamoussoukro
60%
Andorre-la- Vieille
57%
Apia
57%
Caracas
57%
Honiara
57%
Oslo
57%
Pyongyang
57%
San Salvador
57%
Sofia
57%
Vientiane
57%
Abou Dabi
56%
Amman
56%
Athènes
56%
Brazzaville
56%
Kuala Lumpur
56%
Addis-Abeba
55%
Djouba
55%
Pretoria
55%
Tirana
55%
Vatican
55%
Abuja
50%
Achgabat
50%
Ankara
50%
Belmopan
50%
Berlin
50%
Bichkek
50%
Bogotá
50%
Brasilia
50%
Buenos Aires
50%
Dodoma
50%
Dublin
50%
Freetown
50%
Funafuti
50%
Khartoum
50%
Kigali
50%
Kingston
50%
Libreville
50%
Ljubljana
50%
Monaco
50%
Naypyidaw
50%
Ndjamena
50%
Ottawa
50%
Ouagadougou
50%
Phnom Penh
50%
Port-d'Espagne
50%
Port-Louis
50%
Sarajevo
50%
Singapour
50%
Suva
50%
Varsovie
50%
Vienne
50%
Yaren
50%
Kinshasa
44%
Jérusalem
43%
Londres
43%
Malé
43%
Mexico
43%
Montevideo
43%
Nairobi
43%
Rabat
43%
Sri Jayawardenapura Kotte
43%
Thimphou
43%
Budapest
40%
Doha
40%
Helsinki
40%
New Delhi
40%
Port-Vila
40%
Tunis
40%
Copenhague
38%
Djibouti
38%
Monrovia
38%
Pristina
38%
Skopje
38%
Tegucigalpa
38%
Yaoundé
38%
Accra
33%
Amsterdam
33%
Berne
33%
Bruxelles
33%
Damas
33%
Erevan
33%
Le Caire
33%
Lusaka
33%
Mogadiscio
33%
Nicosie
33%
Pékin
33%
Prague
33%
Rome
33%
Saint John's
33%
Tripoli
33%
Vaduz
33%
Wellington
33%
Lima
30%
Bagdad
29%
Kampala
29%
Podgorica
29%
Saint George's
29%
Praia
27%
Moroni
25%
Panama
25%
Port-au-Prince
25%
Riga
25%
Tallinn
25%
Tarawa-Sud
25%
Tbilissi
25%
Victoria
25%
Zagreb
22%
Asmara
20%
Beyrouth
20%
Niamey
20%
Nouakchott
20%
Quito
20%
Reykjavik
20%
Sanaa
20%
Taipei
20%
Tokyo
17%
Nukuʻalofa
13%
Asunción
0%
Bissau
0%
Kaboul
0%
Kiev
0%
Lomé
0%
Maputo
0%
Roseau
0%
Aucun quiz correspondant
Distribution des résultats
% des personnes avec chaque résultat
Percentile par nombre de réponses
Votre historique - résultats
Vous n’avez pas pris ce quiz